000 01080nam a2200277Ia 4500
003 OSt
005 20221005110546.0
006 a|||||r|||| 00| 0
007 ta
008 221004b |||||||| |||| 00| 0 hin d
020 _a9789326354639 (hbk)
_cINR 120.00
024 _a37752
037 _b68, 13/03/2018, P. K. Books
_cTextual
040 _aCRL
_cCRL
_bhin
041 _2hin
_ahin
082 _aY:435:67, 152Q6
100 _aमंडलोई, लीलाधर, संपा.
245 0 _aआपदा और पर्यावरण
246 _aĀpadā aur paryāvaraṇa
260 _aनई दिल्ली
_bभारतीय ज्ञानपीठ भारत
_c2016
300 _a92पृ0
_ccm.
490 _aज्ञान गरिमा पुस्तक माला; ग्रन्थांक 001
650 _aपर्यावरण विज्ञान
942 _hY:435:67, 152Q6
_cTEXL
_2cc
999 _c1019201
_d1019201